Guitar thực hành : Nhạc công
Đây là quyển sách thực hành dựa theo phần lý thuyết của bộ sách Tự học Guitar (tập 1 và 2). Sách gồm 2 phần: Kỹ thuật luyện tập tay trái và kỹ thuật luyện tập tay phải. Những bài bài luyện tập trong sách nhằm giúp người học có một că...
Đã lưu trong:
| 主要作者: | |
|---|---|
| 格式: | 圖書 |
| 語言: | Undetermined |
| 出版: |
Thành phố Hồ Chí Minh
Phương Đông
2007
|
| 主題: | |
| 標簽: |
添加標簽
沒有標簽, 成為第一個標記此記錄!
|
| Thư viện lưu trữ: | Trung tâm Học liệu Trường Đại học Cần Thơ |
|---|
| LEADER | 01072nam a2200229Ia 4500 | ||
|---|---|---|---|
| 001 | CTU_129439 | ||
| 008 | 210402s9999 xx 000 0 und d | ||
| 020 | |c 58000 | ||
| 082 | |a 787.87 | ||
| 082 | |b H107 | ||
| 100 | |a Nguyễn, Hạnh | ||
| 245 | 0 | |a Guitar thực hành : | |
| 245 | 0 | |b Nhạc công | |
| 245 | 0 | |c Nguyễn Hạnh | |
| 260 | |a Thành phố Hồ Chí Minh | ||
| 260 | |b Phương Đông | ||
| 260 | |c 2007 | ||
| 520 | |a Đây là quyển sách thực hành dựa theo phần lý thuyết của bộ sách Tự học Guitar (tập 1 và 2). Sách gồm 2 phần: Kỹ thuật luyện tập tay trái và kỹ thuật luyện tập tay phải. Những bài bài luyện tập trong sách nhằm giúp người học có một căn bản vững chắc bên cây đàn guitar. | ||
| 650 | |a Guitars,Guitar,Guitar | ||
| 650 | |x Music,Methods,Self-instruction,Phương pháp,Học đàn | ||
| 904 | |i Giang | ||
| 980 | |a Trung tâm Học liệu Trường Đại học Cần Thơ | ||